Cd̤igo penal

Bibliographic Details
Main Author: Amadeo Gadea, Sergio
Format: eBook
Language:Spanish
Published: Madrid: Factum Libri Ediciones, 2021
Subjects:
Online Access:Acceso restringido

MARC

LEADER 00000nam a22000007a 4500
005 20220412231534.0
007 cr|||| ||||
008 220412s2021 es |||||s|||| 00||0 spa d
020 |a 978-84-09-27547-2 
035 |a 36178 
040 |a vLex 
090 |c 13180  |d 13180 
100 1 |a Amadeo Gadea, Sergio 
245 1 0 |a Cd̤igo penal  |h [Recurso electrn̤ico] /  |c Sergio Amadeo Gadea 
256 |a Servicio en ln̕ea 
260 |a Madrid:  |b Factum Libri Ediciones,  |c 2021 
300 |a 1 recurso electrn̤ico 
506 1 |a Disponible solo en los productos indicados  |d vLex Global  |d vLex Global (Academic Edition, excluding Law Schools)  |d vLex Global (U.S. Academic Edition, Law Schools)  |d vLex Global (U.S. Academic Edition, excluding Law Schools)  |d vLex Global (Academic Edition, Law Schools) 
650 0 4 |a Derecho Penal  |z Espaą 
740 0 |a vLex Libros (Servicio en ln̕ea) 
856 4 0 |u https://app.vlex.com/#/sources/36178  |z Acceso restringido 
942 |c BOOK 
999 0 |a Criminal law